000
00303nam a2200109Ia 4500
008
171204s9999 xx 000 0 und d
245
_a
Algebra and Trigonometry:
245
_c
Cynthia Y. Young
260
_c
2013
650
_x
G-MATH2 Trigonometry
856
_u
http://down.ebook777.com/042/0470648031.pdf
999
_c
345511
_d
345511